La Pizza / (Record no. 17462)

MARC details
000 -LEADER
fixed length control field 00595nam a22002177a 4500
001 - CONTROL NUMBER
control field sjds170068
003 - CONTROL NUMBER IDENTIFIER
control field sjds
005 - DATE AND TIME OF LATEST TRANSACTION
control field 20170611120616.0
008 - FIXED-LENGTH DATA ELEMENTS--GENERAL INFORMATION
fixed length control field 170611b nyu||||| |||| 00| 0 spa d
020 ## - INTERNATIONAL STANDARD BOOK NUMBER
International Standard Book Number 9780590293501 (pbk)
020 ## - INTERNATIONAL STANDARD BOOK NUMBER
International Standard Book Number 0590293508 (pbk)
040 ## - CATALOGING SOURCE
Transcribing agency sjds
041 ## - LANGUAGE CODE
Language code of text/sound track or separate title spa
100 ## - MAIN ENTRY--PERSONAL NAME
Personal name Romay, Saturnino.
245 #3 - TITLE STATEMENT
Title La Pizza /
Statement of responsibility, etc. escrito por Saturnino Romay ; illustrado por Annie Mitra.
246 ## - VARYING FORM OF TITLE
Title proper/short title La Pizza
260 ## - PUBLICATION, DISTRIBUTION, ETC. (IMPRINT)
Place of publication, distribution, etc. New York :
Name of publisher, distributor, etc. Scholastic,
Date of publication, distribution, etc. c1994.
300 ## - PHYSICAL DESCRIPTION
Extent 16 pages :
Other physical details color illustrations ;
Dimensions 19 x 23 cm
700 ## - ADDED ENTRY--PERSONAL NAME
Personal name Mitra, Annie.
942 ## - ADDED ENTRY ELEMENTS (KOHA)
Koha item type Libro/Book
Holdings
Withdrawn status Lost status Damaged status Not for loan Home library Current library Date acquired Total Checkouts Full call number Barcode Date last seen Price effective from Koha item type
        San Juan Del Sur -- Mobile San Juan Del Sur -- Mobile 20/01/2025   JI 30028453 20/01/2025 20/01/2025 Libro/Book

Powered by Koha